| 000 -LEADER |
| fixed length control field |
00750cam a2200205 i 4500 |
| 001 - CONTROL NUMBER |
| control field |
19270565 |
| 005 - DATE AND TIME OF LATEST TRANSACTION |
| control field |
20221108163808.0 |
| 008 - FIXED-LENGTH DATA ELEMENTS--GENERAL INFORMATION |
| fixed length control field |
160912s2017 enk 000 0 eng |
| 020 ## - INTERNATIONAL STANDARD BOOK NUMBER |
| International Standard Book Number |
9781138217584x |
| 080 ## - UNIVERSAL DECIMAL CLASSIFICATION NUMBER |
| Universal Decimal Classification number |
338.4 M-48 |
| 100 1# - MAIN ENTRY--PERSONAL NAME |
| Personal name |
Epler Wood, Megan, |
| 9 (RLIN) |
12935 |
| 245 10 - TITLE STATEMENT |
| Title |
Sustainable tourism on a finite planet : |
| Remainder of title |
environmental, business and policy solutions / |
| Statement of responsibility, etc. |
Megan Epler Wood. |
| 264 #1 - PRODUCTION, PUBLICATION, DISTRIBUTION, MANUFACTURE, AND COPYRIGHT NOTICE |
| Place of production, publication, distribution, manufacture |
London ; |
| -- |
New York : |
| Name of producer, publisher, distributor, manufacturer |
Routledge, Taylor & Francis Group, earthscan from Routledge, |
| Date of production, publication, distribution, manufacture, or copyright notice |
2017. |
| 300 ## - PHYSICAL DESCRIPTION |
| Extent |
viii, 328 pages ; |
| Dimensions |
24 cm. |
| 653 ## - INDEX TERM--UNCONTROLLED |
| keyword |
Sustainable Tourism on a Finite Planet |
| 653 ## - INDEX TERM--UNCONTROLLED |
| keyword |
Environmental, Business and Policy Solutions |
| 653 ## - INDEX TERM--UNCONTROLLED |
| keyword |
ეკონომიკა |
| 653 ## - INDEX TERM--UNCONTROLLED |
| keyword |
Экономика |
| 942 ## - ADDED ENTRY ELEMENTS (KOHA) |
| Source of classification or shelving scheme |
|
| Koha item type |
წიგნი |